| 000 | 00793nam a22002657a 4500 | ||
|---|---|---|---|
| 001 | 3051 | ||
| 003 | FISKH | ||
| 005 | 20260213131243.0 | ||
| 008 | 240201b cb ||||| |||| 00| 0 eng d | ||
| 020 | _a9780916119256 | ||
| 040 |
_aFISKH _beng _cFISKH _dFISKH |
||
| 050 | _a370 | ||
| 100 | _aGraves, Kimberlee | ||
| 245 |
_aIs it alive?/ _cby Graves, Kimberlee : illustrated by Carlson, Gayle |
||
| 260 |
_aNew York : _bCreative Teaching Press , _c1994 |
||
| 300 |
_a8 pages : _bcolor illustrations ; _c17 cm . |
||
| 490 | _aLearn to Read | ||
| 505 | _aC | ||
| 520 | _aAll things are living or nonliving. | ||
| 521 | 8 |
_a100
_bLexile |
|
| 521 | 8 |
_aC
_bRaz-Plus |
|
| 600 |
_2living things _vnon-fiction |
||
| 700 |
_aCarlson, Nancy Gayle _eillustrator |
||
| 942 |
_2ddc _cBK _n0 |
||
| 999 |
_c3051 _d3051 |
||